000 00781cab a2200229 4500
001 ABS45055
008 090401t1991 xxu||||| |||| 00| 0 eng d
035 _a(Sirsi) u50714
041 _aeng
245 _aGleneagles Hotels plc v Tayside Region Assessor
260 _c1991
350 _a0
490 _aRating & Valuation Reporter
_v(1991) 31 RVR 140-143 (4)
520 _aLVAC 20 November 1990. An appeal against the decision to treat the bars and restaurants of the equestrian centre as part of the equestrian centre and not unum quid with the hotel.
650 _aASSESSMENTS
650 _aLANDS VALUATION APPEAL COURT
650 _aRATEABLE OCCUPATION
650 _aRATING APPEALS
690 _aRATING AND VALUATION-CASE LAW
942 _n0
948 _c04/03/1997
999 _c31650
_d31650